Southville International School and Colleges
Your cart is empty.
  • Cart
  • Lists
    Public lists Eva Luna New books Lux_list list_1
    Your lists Log in to create your own lists
  • Log in to your account
  • Your cookies
  • Search history
Southville International School and Colleges
  • Advanced search
  • Recent comments
  • Most popular
  • Libraries

Log in to your account

Log in with GOOGLE


If you do not have an external account, but do have a local account, you can still log in:

  1. Home
  2. MARC view: Counting caterpillars /
Normal view MARC view ISBD view

Counting caterpillars / (Record no. 102881)

[ view plain ]
MARC details
000 -LEADER
fixed length control field 00536nam a2200181 a 4500
005 - DATE AND TIME OF LATEST TRANSACTION
control field 20140412111244.0
008 - FIXED-LENGTH DATA ELEMENTS--GENERAL INFORMATION
fixed length control field 001118s19uu xx 00 eng d
020 ## - INTERNATIONAL STANDARD BOOK NUMBER
International Standard Book Number 0-88743-126-7
050 ## - LIBRARY OF CONGRESS CALL NUMBER
Classification number TR(GS 513.2
Item number G81 1986
100 ## - MAIN ENTRY--PERSONAL NAME
Personal name Gregorich, Barbara
245 ## - TITLE STATEMENT
Title Counting caterpillars /
Statement of responsibility, etc Barbara Gregorich.
260 ## - PUBLICATION, DISTRIBUTION, ETC. (IMPRINT)
Place of publication, distribution, etc Grand Haven, MI :
Name of publisher, distributor, etc School Zone Pub. Co,
Date of publication, distribution, etc [n.d.]
300 ## - PHYSICAL DESCRIPTION
Extent 32 p. ; col. ; ill.
440 ## - SERIES STATEMENT/ADDED ENTRY--TITLE
Title A Fast Forward Book Series
500 ## - GENERAL NOTE
General note Grades 4-7
650 ## - SUBJECT ADDED ENTRY--TOPICAL TERM
Topical term or geographic name as entry element counting -- coloring book
Holdings
Withdrawn status Lost status Damaged status Use restrictions Home library Current library Shelving location Date acquired Source of acquisition Total Checkouts Full call number Barcode Date last seen Price effective from Koha item type
        Elizalde Library Elizalde Library Teachers Reference Section 11/18/2000     TR(GS 513.2 G81 1986 E3068 04/12/2014 04/12/2014 Books

Counting caterpillars /

APA

Gregorich B., .Counting caterpillars. Grand Haven, MI: School Zone Pub. Co.

Chicago

Gregorich Barbara, .Counting caterpillars. Grand Haven, MI: School Zone Pub. Co.

Harvard

Gregorich B., .Counting caterpillars. Grand Haven, MI: School Zone Pub. Co.

MLA

Gregorich Barbara, .Grand Haven, MI: School Zone Pub. Co. .

  • Place hold
  • Print
  • Cite
  • Add to your cart (remove)
  • Save record
    BIBTEX Dublin Core MARCXML MARC (non-Unicode/MARC-8) MARC (Unicode/UTF-8) MARC (Unicode/UTF-8, Standard) MODS (XML) RIS
  • More searches
    Search for this title in:
    Other Libraries (WorldCat) Other Databases (Google Scholar) Online Stores (Bookfinder.com) Open Library (openlibrary.org)

Exporting to Dublin Core...

SOUTHVILLE LIBRARY

Southville International School and Colleges Library

1281 Tropical Ave. Cor. Luxembourg St., BF Homes International, Las Pinas City

Tel. No. 8256374 / 252358 Loc. 117/146

Powered by Koha